[Event "FRA-chT2 East 0809"]
[Site "France"]
[Date "2009.01.17"]
[Round "5.8"]
[White "Le Guennec, Nolwen"]
[Black "Pivarot, Danielle"]
[Result "1-0"]
[WhiteElo "1480"]
[BlackElo "1590"]
[PlyCount "87"]
[EventDate "2008.10.19"]
[EventType "team-tourn"]
[EventRounds "11"]
[EventCountry "FRA"]
[SourceTitle "EXT 2010"]
[Source "ChessBase"]
[SourceDate "2010.11.25"]
[SourceVersion "1"]
[SourceVersionDate "2010.11.25"]
[SourceQuality "1"]
[WhiteTeam "Mulhouse IV"]
[BlackTeam "Bischwiller II"]
[WhiteTeamCountry "FRA"]
[BlackTeamCountry "FRA"]

1. e4 c6 2. Nf3 d5 3. d3 dxe4 4. dxe4 Qxd1+ 5. Kxd1 Bg4 6. Be2 Nd7 7. Nbd2 0-0-0 8. Ng5 Bxe2+ 9. Kxe2 Ne5 10. Ndf3 Nxf3 11. Kxf3 h6 12. Nxf7 Rh7 13. Nxd8 Kxd8 14. Rd1+ Ke8 15. e5 e6 16. Be3 b6 17. Rd2 Ne7 18. Rd6 c5 19. Rxe6 Kf7 20. Rd6 Nf5 21. Rd2 Ke6 22. Ke4 g6 23. Rad1 Rf7 24. g4 Nxe3 25. fxe3 g5 26. Rd8 Rf3 27. R8d2 Rf7 28. Re2 Be7 29. Rdd2 Rf8 30. Rf2 Rh8 31. Rd3 Rc8 32. Rf3 Rh8 33. Ra3 Ra8 34. Rh3 Bf8 35. Rh5 b5 36. Ra6+ Kd7 37. h4 gxh4 38. Rxh4 c4 39. Rh5 b4 40. g5 hxg5 41. Rxg5 Ke7 42. Rh5 Ke8 43. Rh7 Rd8 44. Re6+ 1-0